Dänen aktuell in der Bundesliga - Statistiken

Allgemein
  • Dieses Quiz wurde 38 mal gespielt
  • Das Durchschnittsergebnis liegt bei 8 aus 17
Antwortstatistiken
Hint Antwort % Korrekt
Wolfsburg OM Eriksen
82%
Wolfsburg ST Wind
82%
Hamburg ST Poulsen
79%
Wolfsburg LV Maehle
70%
Bremen ZM Stage
70%
Union Berlin TW Rönnow
67%
Frankfurt RV Kristensen
61%
Frankfurt ZM Højlund
52%
Wolfsburg RF Lindstrøm
42%
Leipzig ST Hader
36%
Stuttgart OM Nartey
33%
Union Berlin LM Skov
33%
Heidenheim ST Kaufmann
18%
Wolfsburg RF Daghim
15%
Augsburg LV Pedersen
15%
Mainz ST Bøving
6%
Hamburg OM Grønbaek
3%
Keine übereinstimmenden Quizze gefunden
Verteilung der Resultate
Anzahl Personen mit jedem Resultat
Perzentil nach korrekt beantworteten Fragen
Ihre Resultats-Entwicklung
Sie haben dieses Quiz noch nicht gespielt